Whitney Houston Discography - Statistics

General Stats
  • This quiz has been taken 54 times
    36 since last reset
  • The average score is 14 of 31
Answer Stats
Type Year Name % Correct
Album 1987 Whitney
100%
Album 1985 Whitney Houston
100%
Soundtrack 1992 The Bodyguard
95%
Album 2009 I Look to You
90%
Remix EP 2009 I Look to You: The Remixes
90%
Album 2002 Just Whitney
90%
Album 1998 My Love Is Your Love
90%
Double Package 2011 Two Original Albums: My Love Is Your Love / I Look to You
90%
Album 1990 I'm Your Baby Tonight
86%
Soundtrack 1996 The Preacher's Wife
86%
Compilation 2000 Whitney: The Greatest Hits
76%
Compilation 2012 I Will Always Love You: The Best of Whitney Houston
43%
Holiday Album 2003 One Wish: The Holiday Album
43%
EP 1995 Exhale
33%
Remix EP 2009 I Didn't Know My Own Strength: The Remixes
24%
Remix EP 2009 Million Dollar Bill: The Remixes
24%
Remix EP 2009 The Remixes
24%
Live Album 2014 Whitney Houston Live: Her Greatest Performances
24%
Reissued Album 2017 I Wish You Love: More from The Bodyguard
19%
Compilation 2001 Love, Whitney
14%
Box Set 2001 Love, Whitney
14%
Box Set 2010 The Collection
14%
Box Set 2009 The Collection: Whitney Houston
14%
Compilation 2011 The Essential Whitney Houston
14%
Compilation 2007 The Ultimate Collection
14%
Compilation 2004 Artist Collection: Whitney Houston
10%
Reissued Box Set 2006 Dance Vault Mixes: The Unreleased Mixes (Special Collector's Box Set)
10%
Box Set 2010 Triple Feature
10%
Remix EP 1986 Whitney Dancin' Special
10%
Box Set 2000 Whitney: The Unreleased Mixes
10%
EP 1999 You Are Loved
10%
No matching quizzes found
Score Distribution
Percent of People with Each Score
Percentile by Number Answered
Your Score History
You have not taken this quiz since the last reset